| 000 | 00378nam a2200133Ia 4500 | ||
|---|---|---|---|
| 008 | 210210b1980 xxu||||| |||| 00| 0 eng d | ||
| 082 | _a412 KELP | ||
| 100 | _aKELKAR (Ashok R). | ||
| 245 | _aProlegomena to an understanding of semiosis and culture. | ||
| 260 |
_aMysore _bCentral institute of indian languages _c1980 |
||
| 300 | _a115 | ||
| 690 | _aLinguistics | ||
| 906 | _a051263 | ||
| 999 |
_c99861 _d99861 |
||